| 000 | 00893nam a22002657a 4500 | ||
|---|---|---|---|
| 001 | 5536 | ||
| 003 | FISKH | ||
| 005 | 20241217105351.0 | ||
| 008 | 241217b cb ||||| |||| 00| 0 eng d | ||
| 020 | _a9781408343050 | ||
| 040 |
_aFISKH _beng _cFISKH _dFISKH |
||
| 050 | _aPZ7 | ||
| 082 | _a823.92 | ||
| 100 | _aBlade, Adam | ||
| 245 |
_aBeast quest: _bOspira the savage sorceress / |
||
| 260 |
_aOrchard Book : _bLondon : _c2018 |
||
| 300 |
_a187 pages ; _bIllustrations ; _c20 cm |
||
| 505 | _aO | ||
| 520 | _aThe spirit of an ancient Beast has risen. Ospira is on the rampage and King Hugo's baby son, Prince Thomas, is in danger! Join Tom and Elenna as they battle to rescue the prince and defend Avantia. | ||
| 521 | 8 |
_a640
_bLexile estimate |
|
| 521 | 8 |
_aO
_bRaz-Plus |
|
| 650 |
_aBattles Beast _vAdventure _xSurvive |
||
| 942 |
_2ddc _cBK _n0 |
||
| 999 |
_c5536 _d5536 |
||